Sayyidina Umar Al-Khattab R.A

Bibliographic Details
Main Author: Luqman Hakim
Format: Book
Published: Kuala Lumpur : Al-Hidayah , 2004
Series:Siri Khalifah yang Agung
Subjects:

MARC

LEADER 00000cam a2200000 7i4500
001 0000013840
005 20151222.0
008 040208
020 |a 983099306X 
090 0 0 |a JF   |b REG MAL (9089) 
100 1 |a Luqman Hakim 
245 1 0 |a Sayyidina Umar Al-Khattab R.A   |c Luqman Hakim 
260 |a Kuala Lumpur :   |b Al-Hidayah ,   |c 2004 
440 0 |a Siri Khalifah yang Agung 
500 |a Children ages 7-9 years old (orange) 
650 0 |a Caliphs 
999 |a 0001005811   |b Book   |c Children Collection   |e Perbadanan Perpustakaan Awam Johor 
999 |a 0001005812   |b Book   |c Children Collection   |e Perbadanan Perpustakaan Awam Johor 
999 |a 0001005813   |b Book   |c Children Collection   |e Perbadanan Perpustakaan Awam Johor